00987cam a2200277 a 4500999001500000001000500015003000900020005001700029008004100046020001600087020001800103040003800121082001600159100001700175245010800192250001200300260005400312300003000366504005100396650003000447650004900477700001500526700002700541942001200568952012900580 c4013d40136240BD-DhUAP20200316141324.0200301s1998 bg abf b f000 0 eng  a8121900093  a9788121900096 aBD-DhUAPcBD-DhUAPdBD-DhUAPbEng a425 WRE223 aWren, P. C.  aHigh school English grammar and composition /cP. C. Wren, H. Martin ; revised by N. D. V. Prasada Rao. aNew ed. aNew Delhi : bS. Chand & Company, Ltd.,c©2003. aviii, 482 pages ;c24 cm. aIncludes bibliographical references and index. aEnglish languagevGrammar aEnglish languagevComposition and exercises. aH. Martin  aRao, N. D. V. Prasada  2ddccBK 00102ddc4070aUAPCLbUAPCLcGeneral Stacksd2020-03-16l1o425 WREp3010006240r2023-02-04s2023-01-28t1w2020-03-16yBK